|
|
|
|
| LEADER |
00000cam a2200000 7i4500 |
| 001 |
0000002707 |
| 005 |
20031113.0 |
| 020 |
0 |
0 |
|a 9832311357
|
| 090 |
0 |
0 |
|a 499.235
|b ABD 2003
|
| 100 |
0 |
0 |
|a ABDULLAH Hassan
|
| 245 |
1 |
0 |
|a Tatabahasa Bahasa Melayu :
|b morfologi dan sintaksis untuk guru dan pelajar
|c Abdullah Hassan
|
| 260 |
0 |
0 |
|a Bentong, Pahang :
|b PTS Pub. ,
|c 2003
|
| 300 |
|
|
|a iii, 341 p. ;
|c 22 cm.
|
| 440 |
0 |
0 |
|a Siri pendidikan bahasa
|
| 500 |
0 |
0 |
|a Bibliography : p. 340-341
|
| 650 |
0 |
0 |
|a Malay language
|x Syntax
|x Study and teaching
|
| 650 |
0 |
0 |
|a Malay languagxMorphology
|x Study and teaching
|
| 998 |
|
|
|a JPSM
|
| 999 |
|
|
|a 0000004881
|b Monograph
|c Open Shelf
|e Default branch
|